| 000 | 00528nab a2200145Ia 4500 | ||
|---|---|---|---|
| 003 | ES-SlBCS | ||
| 005 | 20210601141250.0 | ||
| 008 | 140529s1998 xxu||||| |||| 00| 0 spa d | ||
| 041 | _aspa | ||
| 100 | 1 |
_aDe Lella, Cayetano _9253843 |
|
| 245 | 0 | 0 |
_aSituación de la educación de jóvenes e adultos: Politicas educativas, organismos internacionales y sociedad civil _c Cayetano De Lella |
| 650 | 0 | 4 |
_aEducación de Adultos _9128539 |
| 773 | 0 |
_tEducaçao e Filosofia _gvol. 12, nº. 23, 1998, págs. 185-196 _wRev1534 |
|
| 942 | _cAR | ||
| 999 |
_c657923 _d657923 |
||